000 00741cam a22002653a 4500
001 26784
003 PGUSA
005 20140828083558.0
008 081006s2008||||xxu|||||s|||||000 | eng d
040 _aPGUSA
_beng
042 _adc
050 4 _aPA
100 1 _aEuripides,
_d--406
245 1 0 _aΙφιγένεια εν Αυλίδι
_h[electronic resource] /
_cEuripides
260 _bProject Gutenberg,
_c2008
506 _aPublic domain in the USA.
516 _aElectronic text
653 _aTragedies
653 _aIphigenia (Greek mythology) -- Drama
700 1 _aFragkias, Ioannis
740 0 _aIphigeneia at Aulis
830 0 _aProject Gutenberg
_v26784
856 4 0 _uhttp://www.gutenberg.org/ebooks/26784
942 _cEB
999 _c256039
_d256039